yugoslavia declared war - Statistics

General Stats
  • This quiz has been taken 200 times
  • The average score is 8 of 10
Answer Stats
Hint Answer % Correct
yugoslavs war bosnia and herzegovina
96%
yugoslavs war croatia
95%
world war 2 italy
92%
2008 war kosovo
92%
yugoslavs war slovenia
92%
yugoslavs war macedonia
85%
world war 2 bulgaria
81%
world war 2 romania
78%
world war 2 hungary
74%
world war 2 nazi germany
43%
No matching quizzes found
Score Distribution
Percent of People with Each Score
Percentile by Number Answered
Your Score History
You have not taken this quiz